MDQL
is popping MORE tags! Check the
thread
!
Quizzes
Events
Quiz Creation
Community
Videos
Private Events
Remove Ads
Sign In
Join for FREE
Feedback
Dark Mode
Quiz Categories
Sports
Geography
Music
Movies
Television
Just For Fun
Miscellaneous
History
Literature
Language
Science
Gaming
Entertainment
Religion
Holiday
For Kids
Quiz Lab
Recent
Popular Today
Quiz Kudos Today
Editor Picks
Curator Picks
Quizzes by...
Day
Popularity
Type
Ratings
Length
Year
Community
Subscriptions
Recent Discussions
Orange Saloon
Badges
Playlists
Quests
Create
Leaderboards
Showdown
Live 5
Trivia Bingo
Activity
Puzzle Library
Sporcle Events
Private Events
Virtual Trivia
Globe League
Become a Host
Pub Owners
SporcleCon
Opinionation
Our Games
Videos
Blog
Mobile Apps
Partnerships
Remove Ads and Go Orange
Feedback
Sports
Athletes
MLB
NBA
NHL
NFL
Soccer
Sports Teams
WWE
NCAA
Football
Premier League
Basketball
Baseball
Hockey
Golf
Tennis
Cricket
Rugby
Auto Racing
Olympics
World Cup
Sports
Athletes
MLB
NBA
NHL
NFL
Soccer
Sports Teams
WWE
NCAA
Football
Premier League
Basketball
Baseball
Hockey
Golf
Tennis
Cricket
Rugby
Auto Racing
Olympics
World Cup
Random Quiz
Search Sporcle
×
Quiz Lab
Quiz Lab
Sports
Premier League
Type in answers that appear in a list
Type in answers that appear in a list
Classic
Best Score? Go Orange.
Opening Game XI's: Liverpool FC Stats
Can you name the starting eleven players for Liverpool FC in each of their opening games in the Premier League?
By
czb2388
10m
297 Questions
5,848 Plays
5,848 Plays
5,848 Plays
Comments
Comments
Give Quiz Kudos
Give Quiz Kudos
-
- Ratings
hide this ad
More Info
Replay
Link that replays current quiz
Next Quiz
Link to next quiz in quiz playlist
You Got
0%
They Got
Avg Score
71%
Avg Friend Score
Upgrade to see
Score Distribution
Jump to the score distribution portion of the page
Score
0/297
Timer
10:00
0
Plays Today
% Correct
Steven Gerrard
97.1%
Steven Gerrard
97.1%
Steven Gerrard
97.1%
Steven Gerrard
97.1%
Steven Gerrard
97.1%
Steven Gerrard
97.1%
Steven Gerrard
97.1%
Steven Gerrard
97.1%
Steven Gerrard
97.1%
Steven Gerrard
97.1%
Steven Gerrard
97.1%
Steven Gerrard
96.9%
Pepe Reina
95%
Pepe Reina
95%
Pepe Reina
95%
Pepe Reina
95%
Pepe Reina
95%
Pepe Reina
95%
Pepe Reina
95%
Pepe Reina
94.9%
Jamie Carragher
94.2%
Jamie Carragher
94.2%
Jamie Carragher
94.2%
Jamie Carragher
94.2%
Jamie Carragher
94.2%
Jamie Carragher
94.2%
Jamie Carragher
94.2%
Jamie Carragher
94.2%
Jamie Carragher
94.2%
Jamie Carragher
94.2%
Jamie Carragher
94.2%
Jamie Carragher
94.2%
Jordan Henderson
93.3%
Michael Owen
93.2%
Michael Owen
93.2%
Michael Owen
93.2%
Michael Owen
93.2%
Michael Owen
93.2%
Michael Owen
93.2%
Mohamed Salah
93.2%
Sadio Mané
93.2%
Simon Mignolet
92.9%
Simon Mignolet
92.9%
Simon Mignolet
92.8%
Jordan Henderson
92.8%
Simon Mignolet
92.8%
Roberto Firmino
92.7%
Sadio Mané
92.7%
Simon Mignolet
92.7%
Mohamed Salah
92.4%
Robbie Fowler
92.3%
Robbie Fowler
92.3%
Robbie Fowler
92.3%
Robbie Fowler
92.3%
Jordan Henderson
92.2%
Luis Suárez
92%
Luis Suárez
91.9%
Jordan Henderson
91.8%
Roberto Firmino
91.8%
Jordan Henderson
91.4%
Sami Hyypiä
90.8%
Sami Hyypiä
90.8%
Sami Hyypiä
90.8%
Sami Hyypiä
90.8%
Sami Hyypiä
90.8%
Sami Hyypiä
90.8%
Sami Hyypiä
90.8%
Sami Hyypiä
90.8%
Sami Hyypiä
90.8%
Andrew Robertson
90.6%
Roberto Firmino
90.6%
Jordan Henderson
90.4%
Trent Alexander-Arnold
90.3%
Jerzy Dudek
90.1%
Jerzy Dudek
90.1%
Jerzy Dudek
90.1%
Sadio Mané
90.1%
Fernando Torres
89.9%
Fernando Torres
89.9%
Fernando Torres
89.9%
James Milner
89.6%
Virgil Van Dijk
89.4%
Daniel Sturridge
89.3%
Martin Škrtel
89.3%
Martin Škrtel
89.3%
Martin Škrtel
89.2%
Daniel Sturridge
89.1%
Xabi Alonso
89%
Xabi Alonso
89%
Alisson
89%
Dejan Lovren
89%
Martin Škrtel
88.8%
Dejan Lovren
88.6%
Martin Škrtel
88.4%
Trent Alexander-Arnold
88.4%
Philippe Coutinho
87.9%
David James
87.8%
David James
87.8%
David James
87.8%
% Correct
David James
87.8%
David James
87.8%
Dejan Lovren
87.7%
Philippe Coutinho
87.5%
Daniel Agger
87.3%
Daniel Agger
87.3%
Daniel Agger
87.3%
Daniel Agger
87.3%
Daniel Agger
87.1%
Glen Johnson
86.9%
Glen Johnson
86.9%
Glen Johnson
86.7%
Glen Johnson
86.5%
Dejan Lovren
86.5%
Philippe Coutinho
86.4%
Joël Matip
86.4%
Joe Gomez
86.1%
Glen Johnson
85.9%
Ian Rush
85.8%
Ian Rush
85.8%
Ian Rush
85.8%
Ian Rush
85.8%
Georginio Wijnaldum
85.5%
Philippe Coutinho
85.2%
Georginio Wijnaldum
85%
James Milner
84%
John Arne Riise
83.6%
John Arne Riise
83.6%
John Arne Riise
83.6%
John Arne Riise
83.6%
John Arne Riise
83.6%
Nathaniel Clyne
83.3%
Emile Heskey
82.9%
Emile Heskey
82.9%
Alberto Moreno
82.9%
Alberto Moreno
82.8%
Steve McManaman
82.6%
Steve McManaman
82.6%
Steve McManaman
82.6%
Steve McManaman
82.6%
Steve McManaman
82.6%
Adam Lallana
82.5%
Dirk Kuyt
82.5%
Dirk Kuyt
82.5%
Dirk Kuyt
82.5%
Dirk Kuyt
82.5%
Nathaniel Clyne
81.9%
Adam Lallana
81.3%
John Barnes
81%
John Barnes
81%
John Barnes
81%
Georginio Wijnaldum
80.8%
Steve Finnan
80.7%
Steve Finnan
80.7%
Steve Finnan
80.7%
Sander Westerveld
79.6%
Sander Westerveld
79.6%
Jamie Redknapp
78.9%
Jamie Redknapp
78.9%
Jamie Redknapp
78.9%
Dietmar Hamann
78.5%
Dietmar Hamann
78.5%
Dietmar Hamann
78.5%
Dietmar Hamann
78.5%
Dietmar Hamann
78.5%
Lucas Leiva
78.3%
Lucas Leiva
78.3%
Phil Babb
78.3%
Phil Babb
78.3%
Phil Babb
78.3%
Phil Babb
78.3%
Lucas Leiva
78.3%
Lucas Leiva
78.3%
Milan Baroš
77.8%
Lucas Leiva
77.8%
Emre Can
77.6%
Stéphane Henchoz
77.1%
Stéphane Henchoz
77.1%
Stéphane Henchoz
77.1%
Stéphane Henchoz
77.1%
Rob Jones
76.4%
Rob Jones
76.4%
Rob Jones
76.4%
Rob Jones
76.4%
Naby Keïta
76.1%
Djibril Cissé
75.9%
Javier Mascherano
75.8%
Javier Mascherano
75.8%
Vladimír Šmicer
75.7%
Vladimír Šmicer
75.7%
Andy Carroll
75.7%
Luis García
75.6%
Raheem Sterling
74.6%
Danny Murphy
74.2%
Danny Murphy
74.2%
Danny Murphy
74.2%
Joe Gomez
72.7%
Ryan Babel
72.1%
Patrik Berger
70.8%
% Correct
Patrik Berger
70.8%
Stan Collymore
70.7%
Stan Collymore
70.7%
Harry Kewell
70.6%
Harry Kewell
70.6%
Djimi Traoré
70.4%
Djimi Traoré
70.4%
Markus Babbel
69.7%
Markus Babbel
69.7%
Bruce Grobbelaar
68%
Stewart Downing
67.9%
Paul Ince
67.6%
Paul Ince
67.6%
Stewart Downing
67.5%
Neil Ruddock
67.5%
Neil Ruddock
67.5%
Neil Ruddock
67.5%
Christian Benteke
67.2%
Mark Wright
67.2%
Mark Wright
67.2%
Mark Wright
67.2%
Mark Wright
67.2%
Mark Wright
67.2%
Álvaro Arbeloa
67%
Álvaro Arbeloa
67%
José Enrique
66.5%
Craig Bellamy
66.2%
Joe Allen
66.2%
José Enrique
65.9%
Gary McAllister
65%
Fernando Morientes
64.7%
Fábio Aurélio
63.8%
Stig Inge Bjørnebye
62.4%
Stig Inge Bjørnebye
62.4%
Stig Inge Bjørnebye
62.4%
Stig Inge Bjørnebye
62.4%
Charlie Adam
62.1%
Brad Friedel
61.8%
Ragnar Klavan
61.7%
Kolo Touré
61.4%
Mohamed Sissoko
61%
Mohamed Sissoko
61%
El Hadji Diouf
61%
Jon Flanagan
60.8%
Jason McAteer
58.5%
Jason McAteer
58.5%
Yossi Benayoun
58.3%
Igor Bišćan
57.3%
Igor Bišćan
57.3%
Michael Thomas
57.1%
Michael Thomas
57.1%
Michael Thomas
57.1%
Joe Cole
56.6%
David N'Gog
55.8%
Jermaine Pennant
55.3%
Karl-Heinz Riedle
54.8%
Karl-Heinz Riedle
54.8%
Jan Mølby
54.3%
Jan Mølby
54.3%
Steve Nicol
54.2%
Steve Nicol
54.2%
Steve Nicol
54.2%
Emiliano Insúa
52.9%
Titi Camara
52.9%
Dominic Matteo
52.6%
Dominic Matteo
52.6%
Dominic Matteo
52.6%
Robbie Keane
52.5%
Nick Barmby
52%
Martin Kelly
51.2%
Mark Walters
51%
Mark Walters
51%
Ronnie Whelan
50.4%
Ronnie Whelan
50.4%
Jordon Ibe
50.1%
Vegard Heggem
50%
Vegard Heggem
50%
Steve Staunton
50%
Nigel Clough
48.8%
Steve Harkness
48.3%
Jari Litmanen
47.4%
Boudewijn Zenden
46.5%
Boudewijn Zenden
46.5%
Andrea Dossena
46%
Pegguy Arphexad
45.8%
Fabio Borini
45.4%
Josemi
44.6%
Dean Saunders
44.3%
Stephen Warnock
44.2%
David Burrows
43.5%
Javier Manquillo
43.3%
Iago Aspas
41.9%
Abel Xavier
41.7%
Bruno Cheyrou
40.9%
Jan Kromkamp
40.3%
Paul Stewart
39.4%
Nick Tanner
35.1%
Milan Jovanović
34.1%
Damien Plessis
33.2%
Quiz Playlist
Details
Report
Send in Message
Add To Playlist
More Info:
Note: I have run out of space for more answers - 300 max on a quiz - so I will have to call it a day on this one at season 18/19. Thanks for playing!
Classic:
Type in answers that appear in a list
Last Updated: Aug 19, 2019
Quiz Scoreboard
CHALLENGE
Sign Up to Join the Scoreboard
Show All
Scores
Hide
Comments
May contain spoilers
Recently Published
1-10 Letter E Words III
by El_Dandy
Language
2m
Street Fighter Characters
by Artimus82
Gaming
60s
College Basketball Coaching Resumes
by pancakes188
Sports
9m
More to Explore
Quiz From the Vault
Featured Blog Post
Where Did the Easter Bunny Come From?
hide this ad
You Might Also Like...
Tags
Premier League Quiz
Eleven
League
Liverpool
Player
Premier
Starting
Today's Top Quizzes in Sports
Browse Sports
hide this ad
Today's Top Quizzes in Premier League
Browse Premier League
Top Contributed Quizzes in Sports
1
2022 World Cup Stars
2
Les meilleurs buteurs des matchs entre le PSG et l’OM
3
FIFA Club World Cup Champions
4
Les entraîneurs de l'OM et du PSG au 21e siècle
5
Criteria MLB: Left Handed Sluggers
6
2023 MLB Unique Player Accomplishments
7
AFC Teams Reveal (Wrong Answers Minefield)
8
Players with Multiple 50 Home Run Seasons
9
5-to-1: FBS Animal Nicknames
10
5-to-1: UK Sports Teams
Explore More
Trending Topics
Kpop
Harry Potter
NBA
Anime
Marvel
Crossword
Disney
Puzzle
NFL
Pokémon
Country
Song
WWE
The Office
Soccer
hide this ad
More By:
czb2388
Quiz
Plays
Rating
Category
Featured
Created
Premier League: last five managers by team
48,097
4.70
Sports
Mar 22, 2012
Opening game XI's: Manchester United
12,923
4.67
Sports
Apr 3, 2012
Premier League record transfers by team
11,808
4.41
Sports
Apr 20, 2012
All time European Cup Winners (clickable minefield)
8,270
4.20
Sports
Apr 27, 2012
Most expensive footballers by total transfer fees
7,567
5.00
Sports
Sep 26, 2013
Go to Creator's Profile
Score Distribution
Quiz Creator Spotlight
czb2388
Follow
Send a Message
Quizzes Created
-
Created Quiz Play Count
-
More By This Creator
Popular Quizzes Today
1
Find the US States - No Outlines Minefield
2
Find the Countries of Europe - No Outlines Minefield
3
Find the US States
4
The Countries of the World
5
Risky Map Clicking: Biggest States A-Z
6
US States
7
Popular People in 1961
8
Movies - When Are They Set?
More Sports Quizzes
French Ligue 1 winners' XIs (2010s)
Quiz Lab
Trending Quizzes
Risky Map Clicking: Least Populous States A-Z
1-10 Letter G Words
Countries of the World: 200 Million BC
1-10 Letter F Words
Risky Map Clicking: Next State Alphabetically
Recently Updated
Largest US Cities 1790-2010
pecheneg
Rides in Walt Disney World
pecheneg
Most Oscar Losses (Acting)
pecheneg
Beyoncé Albums
pecheneg
Leaping Animals
pecheneg
Reality TV Shows (A-Z)
bhenderson79
Rickey Henderson's Hall of Fame Teammates
pecheneg
Champions League XIs: Arsenal
pecheneg
Quick Pick: Celebrities in WWE's Hall of Fame
aduchscher
A-Z Keypad Blitz II
pecheneg
Trending Topics
Anime
Marvel
NBA
Disney
Kpop
Crossword
Harry Potter
Puzzle
The Office
Soccer
Pokémon
NFL
Country
WWE
Song
Your Account Isn't Verified!
In order to create a playlist on Sporcle, you need to verify the email address you used during registration. Go to your
Sporcle Settings
to finish the process.
Report this User
Report this user for behavior that violates our
Community Guidelines
.
Details:
Send Report
Go to the Sporcle.com Mobile Site →
Comments